00378cam a22001217a 4500008004000000082001800040100002100058245008400079260002700163300001000190650001700200650003900217180718b1961 xxu||||| |||| 00| 0 eng d aA99 W137/B623 aBloomfield, Paul aEdward Gibbon Wakefield builder of the British commonwealthcby Paul Bloomfield aLondonbLongmansc1961 a378p. aCommonwealth aWakefield Edward Gibbon, 1796-1862